[Event "8th Vellmar Chess Days"]
[Site "chess24.com"]
[Date "2016.07.29"]
[Round "3"]
[White "Pallas, Sebastian"]
[Black "Phunhon Lopez, Daniel Alejandro"]
[Result "1-0"]
[Board "19"]
[WhiteElo "2204"]
[WhiteCountry "GER"]
[WhiteFideId "12905453"]
[WhiteEloChange "4"]
[BlackElo "1958"]
[BlackCountry "GER"]
[BlackFideId "12952567"]
[BlackEloChange "-4"]

1. e4 {[%clk 1:30:55]} c5 {[%clk 1:27:24]} 2. Nf3 {[%clk 1:31:18]} e6 {[%clk
1:27:50]} 3. d4 {[%clk 1:31:41]} cxd4 {[%clk 1:28:18]} 4. Nxd4 {[%clk 1:32:01]}
a6 {[%clk 1:28:46]} 5. Bd3 {[%clk 1:32:20]} Nc6 {[%clk 1:29:10]} 6. Be3 {[%clk
1:32:12]} Nf6 {[%clk 1:29:31]} 7. O-O {[%clk 1:32:08]} Qc7 {[%clk 1:29:38]} 8.
Kh1 {[%clk 1:30:38]} d5 {[%clk 1:28:08]} 9. exd5 {[%clk 1:27:03]} Nxd5 {[%clk
1:28:28]} 10. Nxc6 {[%clk 1:26:19]} Nxe3 {[%clk 1:26:59]} 11. fxe3 {[%clk
1:26:39]} Qxc6 {[%clk 1:27:22]} 12. Nd2 {[%clk 1:25:16]} g6 {[%clk 1:25:21]} 13.
Ne4 {[%clk 1:21:54]} Bg7 {[%clk 1:25:44]} 14. Nd6+ {[%clk 1:17:24]} Ke7 {[%clk
1:24:52]} 15. Rxf7+ {[%clk 1:17:33]} 1-0

[Event "8th Vellmar Chess Days"]
[Site "chess24.com"]
[Date "2016.07.29"]
[Round "3"]
[White "Boos, Markus"]
[Black "Cai, Zhuoran"]
[Result "1-0"]
[Board "20"]
[WhiteElo "2176"]
[WhiteCountry "GER"]
[WhiteFideId "4678656"]
[WhiteEloChange "3"]
[BlackElo "1898"]
[BlackCountry "CHN"]
[BlackFideId "8608091"]
[BlackEloChange "-3"]

1. Nf3 {[%clk 1:30:57]} Nf6 {[%clk 1:28:19]} 2. g3 {[%clk 1:30:58]} d5 {[%clk
1:28:46]} 3. c4 {[%clk 1:31:13]} dxc4 {[%clk 1:29:00]} 4. Qa4+ {[%clk 1:31:12]}
c6 {[%clk 1:28:36]} 5. Qxc4 {[%clk 1:31:36]} g6 {[%clk 1:28:18]} 6. Bg2 {[%clk
1:29:41]} Bg7 {[%clk 1:28:08]} 7. O-O {[%clk 1:29:01]} O-O {[%clk 1:27:53]} 8. d4
{[%clk 1:28:46]} Be6 {[%clk 1:24:30]} 9. Qb4 {[%clk 1:27:10]} Qc7 {[%clk
1:22:59]} 10. Nc3 {[%clk 1:25:19]} Na6 {[%clk 1:22:42]} 11. Qa4 {[%clk 1:25:07]}
c5 {[%clk 1:13:02]} 12. dxc5 {[%clk 1:20:40]} Nxc5 {[%clk 1:12:21]} 13. Qh4
{[%clk 1:20:53]} Rfd8 {[%clk 1:03:42]} 14. Ng5 {[%clk 1:18:30]} h5 {[%clk
1:01:36]} 15. Be3 {[%clk 1:14:27]} Bd5 {[%clk 0:56:38]} 16. Nxd5 {[%clk 1:11:26]}
Nxd5 {[%clk 0:55:45]} 17. Qc4 {[%clk 1:10:51]} Nxe3 {[%clk 0:50:49]} 18. Qxf7+
{[%clk 1:11:05]} Kh8 {[%clk 0:50:45]} 19. Qxg6 {[%clk 1:10:43]} 1-0

[Event "8th Vellmar Chess Days"]
[Site "chess24.com"]
[Date "2016.07.29"]
[Round "3"]
[White "Wehr, Alexander"]
[Black "Windelband, Jens"]
[Result "0-1"]
[Board "21"]
[WhiteElo "1911"]
[WhiteCountry "GER"]
[WhiteFideId "24628913"]
[WhiteEloChange "-5"]
[BlackElo "2120"]
[BlackCountry "GER"]
[BlackFideId "4663845"]
[BlackEloChange "5"]

1. c4 {[%clk 1:30:47]} f5 {[%clk 1:30:39]} 2. Nc3 {[%clk 1:30:03]} Nf6 {[%clk
1:30:56]} 3. Nf3 {[%clk 1:30:18]} d6 {[%clk 1:31:19]} 4. d4 {[%clk 1:30:34]} g6
{[%clk 1:31:44]} 5. g3 {[%clk 1:30:13]} Bg7 {[%clk 1:32:09]} 6. Bg2 {[%clk
1:30:37]} O-O {[%clk 1:32:28]} 7. O-O {[%clk 1:31:01]} Qe8 {[%clk 1:32:47]} 8. e4
{[%clk 1:22:05]} fxe4 {[%clk 1:29:14]} 9. Ng5 {[%clk 1:22:25]} Nc6 {[%clk
1:21:58]} 10. Nb5 {[%clk 1:16:37]} Bg4 {[%clk 1:15:31]} 11. Qb3 {[%clk 1:06:34]}
Qd7 {[%clk 1:12:39]} 12. h3 {[%clk 1:03:19]} h6 {[%clk 0:56:16]} 13. hxg4 {[%clk
0:57:12]} hxg5 {[%clk 0:56:41]} 14. Bxg5 {[%clk 0:52:07]} Qxg4 {[%clk 0:49:08]}
15. Be3 {[%clk 0:43:38]} Qh5 {[%clk 0:42:06]} 16. Rfd1 {[%clk 0:41:09]} Ng4
{[%clk 0:37:57]} 17. Bxe4 {[%clk 0:24:25]} Qh2+ {[%clk 0:38:10]} 18. Kf1 {[%clk
0:24:50]} Rxf2+ {[%clk 0:38:33]} 0-1

[Event "8th Vellmar Chess Days"]
[Site "chess24.com"]
[Date "2016.07.29"]
[Round "3"]
[White "Krosenbrink, Marcel"]
[Black "Gorzinski, Dariusz"]
[Result "0-1"]
[Board "22"]
[WhiteElo "1894"]
[WhiteCountry "NED"]
[WhiteFideId "1033271"]
[WhiteEloChange "-6"]
[BlackElo "2047"]
[BlackCountry "GER"]
[BlackFideId "1271836"]
[BlackEloChange "6"]

1. e4 {[%clk 1:30:57]} c6 {[%clk 1:30:53]} 2. d4 {[%clk 1:31:24]} d5 {[%clk
1:31:22]} 3. f3 {[%clk 1:31:49]} dxe4 {[%clk 1:30:55]} 4. fxe4 {[%clk 1:32:12]}
e5 {[%clk 1:30:51]} 5. Nf3 {[%clk 1:32:38]} Bg4 {[%clk 1:29:47]} 6. Bc4 {[%clk
1:32:50]} Nd7 {[%clk 1:23:30]} 7. c3 {[%clk 1:32:07]} b5 {[%clk 1:18:13]} 8. Bd3
{[%clk 1:30:33]} Ngf6 {[%clk 1:18:03]} 9. O-O {[%clk 1:30:28]} Bd6 {[%clk
1:16:01]} 10. Be3 {[%clk 1:27:29]} O-O {[%clk 1:15:28]} 11. h3 {[%clk 1:24:49]}
Bh5 {[%clk 1:14:19]} 12. Nbd2 {[%clk 1:23:37]} Qc7 {[%clk 1:06:16]} 13. Qc2
{[%clk 1:19:39]} Rac8 {[%clk 1:02:11]} 14. a4 {[%clk 1:00:53]} a6 {[%clk
0:55:16]} 15. axb5 {[%clk 1:00:37]} axb5 {[%clk 0:54:05]} 16. Nh4 {[%clk
0:51:25]} Bg6 {[%clk 0:52:29]} 17. Nxg6 {[%clk 0:49:49]} hxg6 {[%clk 0:52:55]}
18. Nf3 {[%clk 0:49:55]} Ra8 {[%clk 0:45:55]} 19. Qf2 {[%clk 0:41:00]} b4 {[%clk
0:39:52]} 20. dxe5 {[%clk 0:37:30]} Nxe5 {[%clk 0:39:08]} 21. Nxe5 {[%clk
0:37:06]} Bxe5 {[%clk 0:37:43]} 22. Bf4 {[%clk 0:23:46]} Rxa1 {[%clk 0:36:48]}
0-1

[Event "8th Vellmar Chess Days"]
[Site "chess24.com"]
[Date "2016.07.29"]
[Round "3"]
[White "Retzlaff, Thomas"]
[Black "Buschle, Lukas"]
[Result "0-1"]
[Board "23"]
[WhiteElo "1869"]
[WhiteCountry "GER"]
[WhiteFideId "12980633"]
[WhiteEloChange "-5"]
[BlackElo "2042"]
[BlackCountry "GER"]
[BlackFideId "12923931"]
[BlackEloChange "5"]

1. d4 {[%clk 1:26:09]} Nf6 {[%clk 1:30:55]} 2. Nc3 {[%clk 1:26:08]} d5 {[%clk
1:30:01]} 3. Bg5 {[%clk 1:26:32]} Nbd7 {[%clk 1:29:23]} 4. Qd3 {[%clk 1:26:23]}
e6 {[%clk 1:27:43]} 5. Nf3 {[%clk 1:26:41]} Be7 {[%clk 1:27:52]} 6. O-O-O {[%clk
1:23:37]} b6 {[%clk 1:23:13]} 7. e3 {[%clk 1:20:40]} Bb7 {[%clk 1:22:14]} 8. h4
{[%clk 1:18:54]} Ne4 {[%clk 1:20:08]} 9. Bxe7 {[%clk 1:17:53]} Qxe7 {[%clk
1:20:00]} 10. Qe2 {[%clk 1:18:04]} Nxc3 {[%clk 1:19:37]} 11. bxc3 {[%clk
1:18:33]} Qa3+ {[%clk 1:11:11]} 12. Kb1 {[%clk 1:17:42]} Qxc3 {[%clk 1:04:41]}
13. Rd3 {[%clk 1:16:49]} Qb4+ {[%clk 1:05:06]} 14. Rb3 {[%clk 1:17:14]} Qe7
{[%clk 1:04:27]} 15. g4 {[%clk 1:17:09]} a6 {[%clk 0:50:31]} 16. Bg2 {[%clk
1:16:04]} b5 {[%clk 0:48:46]} 17. Ne5 {[%clk 1:16:01]} Nxe5 {[%clk 0:48:19]} 18.
dxe5 {[%clk 1:16:29]} c5 {[%clk 0:44:31]} 19. f4 {[%clk 1:16:02]} Bc6 {[%clk
0:40:25]} 20. c3 {[%clk 1:15:06]} a5 {[%clk 0:31:47]} 21. Rxb5 {[%clk 1:10:37]}
Bxb5 {[%clk 0:30:56]} 22. Qxb5+ {[%clk 1:10:23]} Qd7 {[%clk 0:24:55]} 23. Qxc5
{[%clk 1:10:49]} Rb8+ {[%clk 0:25:21]} 24. Ka1 {[%clk 1:10:05]} Qb5 {[%clk
0:24:28]} 25. Qxb5+ {[%clk 1:08:54]} Rxb5 {[%clk 0:24:01]} 26. Bf1 {[%clk
1:08:47]} Rb7 {[%clk 0:21:44]} 27. Bd3 {[%clk 1:08:38]} Ke7 {[%clk 0:21:46]} 28.
h5 {[%clk 1:08:45]} h6 {[%clk 0:20:38]} 29. Rc1 {[%clk 1:07:51]} Rhb8 {[%clk
0:19:50]} 30. a4 {[%clk 1:06:59]} Rb2 {[%clk 0:17:12]} 31. Bb5 {[%clk 1:05:40]}
Rg2 {[%clk 0:17:21]} 32. c4 {[%clk 1:05:53]} dxc4 {[%clk 0:15:46]} 33. Rxc4
{[%clk 1:06:09]} Rd8 {[%clk 0:15:18]} 34. Rc7+ {[%clk 1:05:44]} Kf8 {[%clk
0:15:21]} 35. Bd7 {[%clk 1:05:09]} Rxg4 {[%clk 0:12:15]} 36. Kb2 {[%clk 1:05:31]}
Rg3 {[%clk 0:05:59]} 37. Kc3 {[%clk 1:05:48]} Rxe3+ {[%clk 0:05:53]} 38. Kd4
{[%clk 1:06:16]} Re1 {[%clk 0:04:15]} 39. Ra7 {[%clk 1:06:23]} Rd1+ {[%clk
0:04:38]} 40. Kc5 {[%clk 1:05:44]} R1xd7 {[%clk 0:05:02]} 0-1

[Event "8th Vellmar Chess Days"]
[Site "chess24.com"]
[Date "2016.07.29"]
[Round "3"]
[White "Bethke, Richard"]
[Black "Doerge, Sven"]
[Result "1-0"]
[Board "24"]
[WhiteElo "1800"]
[WhiteCountry "GER"]
[WhiteFideId "12959243"]
[WhiteEloChange "16"]
[BlackElo "2039"]
[BlackCountry "GER"]
[BlackFideId "24657638"]
[BlackEloChange "-16"]

1. e4 {[%clk 1:30:57]} d5 {[%clk 1:30:21]} 2. exd5 {[%clk 1:31:20]} Qxd5 {[%clk
1:30:50]} 3. Nc3 {[%clk 1:31:39]} Qa5 {[%clk 1:31:10]} 4. Bc4 {[%clk 1:32:00]} e6
{[%clk 1:30:47]} 5. d3 {[%clk 1:32:21]} c6 {[%clk 1:31:07]} 6. Bd2 {[%clk
1:32:40]} Qc7 {[%clk 1:31:31]} 7. Nf3 {[%clk 1:32:02]} Nf6 {[%clk 1:30:45]} 8.
Qe2 {[%clk 1:31:37]} Be7 {[%clk 1:29:58]} 9. Ne5 {[%clk 1:31:27]} Nbd7 {[%clk
1:28:54]} 10. Bf4 {[%clk 1:28:30]} Qb6 {[%clk 1:25:52]} 11. O-O-O {[%clk
1:28:28]} Nd5 {[%clk 1:25:02]} 12. Bxd5 {[%clk 1:28:01]} cxd5 {[%clk 1:25:25]}
13. Rhe1 {[%clk 1:28:12]} Nf6 {[%clk 1:24:50]} 14. g4 {[%clk 1:28:16]} d4 {[%clk
1:24:55]} 15. Ne4 {[%clk 1:27:52]} Nd5 {[%clk 1:25:04]} 16. Bg3 {[%clk 1:26:35]}
O-O {[%clk 1:21:22]} 17. Rg1 {[%clk 1:21:47]} f5 {[%clk 1:19:58]} 18. gxf5 {[%clk
1:19:07]} exf5 {[%clk 1:14:21]} 19. Nc4 {[%clk 1:18:52]} Qe6 {[%clk 1:10:51]} 20.
Be5 {[%clk 1:18:56]} g6 {[%clk 1:08:01]} 21. Ng3 {[%clk 1:18:38]} b5 {[%clk
1:05:53]} 22. Nd2 {[%clk 1:17:10]} f4 {[%clk 1:03:40]} 23. Ngf1 {[%clk 1:16:38]}
Nb4 {[%clk 1:00:11]} 24. Qe4 {[%clk 1:12:21]} Qc6 {[%clk 0:58:10]} 25. Qxc6
{[%clk 1:11:52]} Nxc6 {[%clk 0:58:38]} 26. Nf3 {[%clk 1:12:07]} Bc5 {[%clk
0:56:14]} 27. N1d2 {[%clk 1:12:00]} Be6 {[%clk 0:54:33]} 28. Ne4 {[%clk 1:11:36]}
Bb6 {[%clk 0:54:32]} 29. Nf6+ {[%clk 1:08:28]} Kg7 {[%clk 0:47:28]} 30. Nd7+
{[%clk 1:07:12]} Nxe5 {[%clk 0:47:40]} 31. Nxf8 {[%clk 1:07:08]} Nxf3 {[%clk
0:47:43]} 32. Nxe6+ {[%clk 1:07:16]} Kf6 {[%clk 0:47:57]} 33. Nxf4 {[%clk
1:06:31]} Nxg1 {[%clk 0:47:24]} 34. Rxg1 {[%clk 1:06:53]} Ke5 {[%clk 0:47:41]}
35. Ne2 {[%clk 1:07:08]} Kf5 {[%clk 0:46:31]} 36. Ng3+ {[%clk 1:05:55]} Kf4
{[%clk 0:46:11]} 37. Ne4 {[%clk 1:05:58]} Re8 {[%clk 0:45:43]} 38. Kd2 {[%clk
1:01:29]} Ba5+ {[%clk 0:41:27]} 39. Ke2 {[%clk 1:01:10]} g5 {[%clk 0:39:15]} 40.
f3 {[%clk 1:00:41]} h5 {[%clk 0:39:16]} 41. Kf2 {[%clk 1:01:03]} Bd8 {[%clk
0:39:01]} 42. Ng3 {[%clk 0:59:55]} h4 {[%clk 0:38:02]} 43. Nh5+ {[%clk 1:00:14]}
1-0

[Event "8th Vellmar Chess Days"]
[Site "chess24.com"]
[Date "2016.07.29"]
[Round "3"]
[White "Lesny, Florian"]
[Black "Schindelmeiser, Frank"]
[Result "1/2-1/2"]
[Board "25"]
[WhiteElo "1853"]
[WhiteCountry "GER"]
[WhiteFideId "12973874"]
[WhiteEloChange "4"]
[BlackElo "2000"]
[BlackCountry "GER"]
[BlackFideId "12976580"]
[BlackEloChange "-4"]

1. e4 {[%clk 1:30:59]} c5 {[%clk 1:30:59]} 2. Nf3 {[%clk 1:31:14]} g6 {[%clk
1:31:27]} 3. d4 {[%clk 1:31:19]} cxd4 {[%clk 1:31:54]} 4. Nxd4 {[%clk 1:31:36]}
Nc6 {[%clk 1:32:23]} 5. Nc3 {[%clk 1:31:01]} Bg7 {[%clk 1:32:50]} 6. Be3 {[%clk
1:30:56]} Nf6 {[%clk 1:33:18]} 7. Bc4 {[%clk 1:31:07]} O-O {[%clk 1:33:45]} 8.
Bb3 {[%clk 1:31:27]} a5 {[%clk 1:34:06]} 9. a4 {[%clk 1:30:39]} Ng4 {[%clk
1:32:23]} 10. Nxc6 {[%clk 1:23:20]} Nxe3 {[%clk 1:32:50]} 11. Nxd8 {[%clk
1:23:00]} Nxd1 {[%clk 1:33:17]} 12. Rxd1 {[%clk 1:22:28]} Rxd8 {[%clk 1:25:13]}
13. Nd5 {[%clk 1:21:39]} Kf8 {[%clk 1:25:12]} 14. Nb6 {[%clk 1:21:16]} Ra6 {[%clk
1:24:45]} 15. Nxc8 {[%clk 1:20:04]} Rxc8 {[%clk 1:25:14]} 16. Rxd7 {[%clk
1:18:24]} Rb6 {[%clk 1:11:50]} 17. O-O {[%clk 1:15:35]} Bxb2 {[%clk 1:12:14]} 18.
Rfd1 {[%clk 1:13:11]} Bf6 {[%clk 1:10:27]} 1/2-1/2

[Event "8th Vellmar Chess Days"]
[Site "chess24.com"]
[Date "2016.07.29"]
[Round "3"]
[White "Maar, Samuel"]
[Black "Reitz, Theresa"]
[Result "1-0"]
[Board "26"]
[WhiteElo "1998"]
[WhiteCountry "GER"]
[WhiteFideId "12952591"]
[WhiteEloChange "5"]
[BlackElo "1824"]
[BlackCountry "GER"]
[BlackFideId "12971901"]
[BlackEloChange "-5"]

1. e4 {[%clk 1:30:58]} c5 {[%clk 1:30:52]} 2. Nf3 {[%clk 1:31:13]} e6 {[%clk
1:31:12]} 3. Nc3 {[%clk 1:30:46]} a6 {[%clk 1:31:10]} 4. d4 {[%clk 1:29:54]} cxd4
{[%clk 1:31:34]} 5. Nxd4 {[%clk 1:30:10]} Qc7 {[%clk 1:31:47]} 6. a3 {[%clk
1:25:12]} Nf6 {[%clk 1:28:07]} 7. Be2 {[%clk 1:22:12]} Be7 {[%clk 1:26:56]} 8.
Bg5 {[%clk 1:19:46]} b5 {[%clk 1:22:52]} 9. O-O {[%clk 1:11:28]} Bb7 {[%clk
1:20:00]} 10. Bf3 {[%clk 1:10:21]} O-O {[%clk 1:18:58]} 11. e5 {[%clk 0:56:31]}
Qxe5 {[%clk 0:58:14]} 12. Bxb7 {[%clk 0:55:00]} Ra7 {[%clk 0:57:50]} 13. Nf3
{[%clk 0:54:48]} Qc5 {[%clk 0:56:04]} 14. Be3 {[%clk 0:33:47]} Qc7 {[%clk
0:53:08]} 15. Bxa7 {[%clk 0:34:12]} Qxb7 {[%clk 0:53:32]} 16. Bxb8 {[%clk
0:34:37]} Qxb8 {[%clk 0:53:54]} 17. Qd3 {[%clk 0:34:13]} d5 {[%clk 0:54:08]} 18.
Rfe1 {[%clk 0:34:15]} Bc5 {[%clk 0:54:21]} 19. h3 {[%clk 0:33:28]} Qb6 {[%clk
0:54:37]} 20. Re2 {[%clk 0:32:58]} 1-0

[Event "8th Vellmar Chess Days"]
[Site "chess24.com"]
[Date "2016.07.29"]
[Round "3"]
[White "Modric, Vladimir"]
[Black "Lutz, Ruben"]
[Result "0-1"]
[Board "27"]
[WhiteElo "1986"]
[WhiteCountry "GER"]
[WhiteFideId "24628654"]
[WhiteEloChange "-16"]
[BlackElo "1733"]
[BlackCountry "GER"]
[BlackFideId "12975974"]
[BlackEloChange "16"]

1. Nf3 {[%clk 1:30:56]} d5 {[%clk 1:30:46]} 2. c4 {[%clk 1:31:18]} e6 {[%clk
1:30:55]} 3. b3 {[%clk 1:30:40]} Nf6 {[%clk 1:31:13]} 4. g3 {[%clk 1:30:47]} c6
{[%clk 1:31:25]} 5. Bg2 {[%clk 1:31:00]} Nbd7 {[%clk 1:31:42]} 6. Bb2 {[%clk
1:30:49]} Be7 {[%clk 1:32:04]} 7. O-O {[%clk 1:30:59]} O-O {[%clk 1:32:09]} 8. d3
{[%clk 1:30:42]} b6 {[%clk 1:29:41]} 9. Nbd2 {[%clk 1:30:36]} Bb7 {[%clk
1:29:46]} 10. Qc2 {[%clk 1:25:35]} Rc8 {[%clk 1:28:52]} 11. Rad1 {[%clk 1:21:45]}
c5 {[%clk 1:27:36]} 12. e3 {[%clk 1:14:13]} Qc7 {[%clk 1:26:41]} 13. cxd5 {[%clk
1:08:33]} Nxd5 {[%clk 1:26:45]} 14. e4 {[%clk 1:05:40]} Nb4 {[%clk 1:25:50]} 15.
Qb1 {[%clk 1:02:37]} Nf6 {[%clk 1:17:25]} 16. Nc4 {[%clk 0:57:01]} Rfd8 {[%clk
1:11:46]} 17. Nce5 {[%clk 0:49:00]} Nc6 {[%clk 1:06:45]} 18. Nxf7 {[%clk
0:42:10]} Kxf7 {[%clk 1:06:48]} 19. Ng5+ {[%clk 0:42:31]} Kg8 {[%clk 1:07:09]}
20. Nxe6 {[%clk 0:40:38]} Qd7 {[%clk 1:06:54]} 21. Nxd8 {[%clk 0:40:40]} Rxd8
{[%clk 1:07:16]} 22. Rfe1 {[%clk 0:37:00]} Nd4 {[%clk 1:03:00]} 23. Qc1 {[%clk
0:34:30]} Rf8 {[%clk 0:44:44]} 24. h3 {[%clk 0:27:44]} Kh8 {[%clk 0:42:32]} 25.
Qc4 {[%clk 0:24:24]} b5 {[%clk 0:36:25]} 26. Qc1 {[%clk 0:24:11]} Nh5 {[%clk
0:35:19]} 27. Bxd4 {[%clk 0:21:14]} Qxd4 {[%clk 0:34:52]} 28. Qe3 {[%clk
0:21:11]} Qxe3 {[%clk 0:30:06]} 29. Rxe3 {[%clk 0:21:22]} Nf6 {[%clk 0:29:16]}
30. Re2 {[%clk 0:18:01]} Rd8 {[%clk 0:28:31]} 31. a4 {[%clk 0:11:06]} bxa4 {[%clk
0:24:26]} 32. bxa4 {[%clk 0:11:33]} Bc6 {[%clk 0:22:26]} 33. a5 {[%clk 0:10:39]}
a6 {[%clk 0:20:37]} 34. Rb2 {[%clk 0:08:31]} Bb5 {[%clk 0:19:38]} 35. Rbd2 {[%clk
0:02:40]} Rd4 {[%clk 0:19:04]} 36. Bf3 {[%clk 0:02:02]} Kg8 {[%clk 0:16:54]} 37.
Kg2 {[%clk 0:02:04]} Nd7 {[%clk 0:07:40]} 38. Bg4 {[%clk 0:01:59]} Ne5 {[%clk
0:07:24]} 39. Be6+ {[%clk 0:01:54]} Kf8 {[%clk 0:07:21]} 40. Bc4 {[%clk 0:00:38]}
Nxc4 {[%clk 0:06:30]} 41. dxc4 {[%clk 0:29:53]} Rxd2 {[%clk 0:37:24]} 42. Rxd2
{[%clk 0:30:16]} Bxc4 {[%clk 0:37:47]} 43. f4 {[%clk 0:29:56]} Bb5 {[%clk
0:32:41]} 44. g4 {[%clk 0:29:20]} c4 {[%clk 0:32:00]} 45. e5 {[%clk 0:28:03]} c3
{[%clk 0:30:58]} 0-1

[Event "8th Vellmar Chess Days"]
[Site "chess24.com"]
[Date "2016.07.29"]
[Round "3"]
[White "Hommer, Jeremy"]
[Black "Knoth, Eugen"]
[Result "1/2-1/2"]
[Board "28"]
[WhiteElo "1813"]
[WhiteCountry "GER"]
[WhiteFideId "12992577"]
[WhiteEloChange "4"]
[BlackElo "1980"]
[BlackCountry "GER"]
[BlackFideId "4650395"]
[BlackEloChange "-4"]

1. g3 {[%clk 1:30:49]} Nf6 {[%clk 1:30:32]} 2. Bg2 {[%clk 1:31:05]} d5 {[%clk
1:30:52]} 3. Nf3 {[%clk 1:31:19]} g6 {[%clk 1:30:18]} 4. O-O {[%clk 1:31:32]} Bg7
{[%clk 1:30:44]} 5. c4 {[%clk 1:31:55]} c6 {[%clk 1:30:31]} 6. d4 {[%clk
1:31:44]} O-O {[%clk 1:30:44]} 7. Nc3 {[%clk 1:31:34]} e6 {[%clk 1:25:20]} 8. Bf4
{[%clk 1:31:28]} Nh5 {[%clk 1:19:22]} 9. Bd2 {[%clk 1:29:20]} Nf6 {[%clk
1:15:11]} 10. Rc1 {[%clk 1:23:53]} Nbd7 {[%clk 1:12:28]} 11. b4 {[%clk 1:18:57]}
Nb6 {[%clk 1:11:38]} 12. Ne5 {[%clk 1:13:57]} Nxc4 {[%clk 1:11:33]} 13. Nxc4
{[%clk 1:14:11]} dxc4 {[%clk 1:12:01]} 14. e3 {[%clk 1:11:22]} Bd7 {[%clk
1:06:49]} 15. Qe2 {[%clk 1:10:32]} b5 {[%clk 1:06:55]} 16. Rcd1 {[%clk 1:07:23]}
Nd5 {[%clk 1:06:36]} 17. Ne4 {[%clk 1:07:31]} Qe7 {[%clk 0:52:42]} 18. Nc5 {[%clk
1:06:25]} Nb6 {[%clk 0:45:00]} 19. Bc1 {[%clk 1:03:53]} a5 {[%clk 0:44:45]}
1/2-1/2

[Event "8th Vellmar Chess Days"]
[Site "chess24.com"]
[Date "2016.07.29"]
[Round "3"]
[White "Hansen, Jeppe"]
[Black "Reichenbaecher, Thomas"]
[Result "0-1"]
[Board "29"]
[WhiteElo "1759"]
[WhiteCountry "DEN"]
[WhiteFideId "1437640"]
[WhiteEloChange "-4"]
[BlackElo "1975"]
[BlackCountry "GER"]
[BlackFideId "4643402"]
[BlackEloChange "4"]

1. e4 {[%clk 1:30:55]} c5 {[%clk 1:30:39]} 2. Nf3 {[%clk 1:31:15]} a6 {[%clk
1:31:04]} 3. d4 {[%clk 1:30:53]} cxd4 {[%clk 1:31:28]} 4. Nxd4 {[%clk 1:31:09]}
Nf6 {[%clk 1:31:50]} 5. Nc3 {[%clk 1:31:08]} e5 {[%clk 1:31:23]} 6. Nf3 {[%clk
1:24:18]} d6 {[%clk 1:25:05]} 7. a4 {[%clk 1:20:25]} Be7 {[%clk 1:22:42]} 8. Bc4
{[%clk 1:19:50]} O-O {[%clk 1:22:28]} 9. O-O {[%clk 1:14:24]} Bg4 {[%clk
1:21:57]} 10. Be3 {[%clk 1:09:11]} Nbd7 {[%clk 1:17:54]} 11. h3 {[%clk 1:04:39]}
Bh5 {[%clk 1:14:33]} 12. Qe2 {[%clk 1:00:25]} Bg6 {[%clk 1:12:20]} 13. Nd2 {[%clk
0:59:19]} Rc8 {[%clk 1:09:59]} 14. a5 {[%clk 0:53:43]} Nc5 {[%clk 1:07:44]} 15.
b4 {[%clk 0:50:53]} Ncd7 {[%clk 1:00:39]} 16. Bg5 {[%clk 0:35:33]} d5 {[%clk
0:44:13]} 17. exd5 {[%clk 0:31:05]} Bxb4 {[%clk 0:37:06]} 18. Nce4 {[%clk
0:21:38]} Qc7 {[%clk 0:35:14]} 19. d6 {[%clk 0:21:42]} Bxd6 {[%clk 0:35:34]} 20.
Nxd6 {[%clk 0:18:08]} Qxd6 {[%clk 0:30:12]} 21. Bd3 {[%clk 0:15:23]} Rfe8 {[%clk
0:24:48]} 22. f3 {[%clk 0:15:36]} Bxd3 {[%clk 0:20:58]} 23. cxd3 {[%clk 0:13:32]}
h6 {[%clk 0:20:30]} 24. Be3 {[%clk 0:11:32]} Nd5 {[%clk 0:20:46]} 25. Ne4 {[%clk
0:11:39]} Qe6 {[%clk 0:19:39]} 26. Bd2 {[%clk 0:10:18]} f5 {[%clk 0:16:20]} 27.
Nf2 {[%clk 0:08:21]} Rc2 {[%clk 0:13:57]} 28. Rfc1 {[%clk 0:06:24]} Rec8 {[%clk
0:11:31]} 29. Rxc2 {[%clk 0:06:29]} Rxc2 {[%clk 0:14:19]} 30. Qd1 {[%clk
0:06:31]} Qc6 {[%clk 0:12:55]} 31. Rc1 {[%clk 0:06:05]} Rxc1 {[%clk 0:13:19]} 32.
Bxc1 {[%clk 0:06:08]} Qc5 {[%clk 0:07:46]} 33. Qe1 {[%clk 0:05:47]} Qd4 {[%clk
0:06:23]} 34. Kh1 {[%clk 0:05:31]} Nc5 {[%clk 0:04:21]} 35. Ba3 {[%clk 0:05:20]}
Nd7 {[%clk 0:02:12]} 36. Qd2 {[%clk 0:04:32]} Qa1+ {[%clk 0:03:54]} 37. Bc1
{[%clk 0:04:47]} Nc5 {[%clk 0:03:25]} 38. Kh2 {[%clk 0:05:03]} Nb3 {[%clk
0:03:35]} 39. Qb2 {[%clk 0:04:59]} Qxb2 {[%clk 0:03:33]} 40. Bxb2 {[%clk
0:05:26]} Nxa5 {[%clk 0:04:20]} 41. Bxe5 {[%clk 0:04:40]} b5 {[%clk 0:04:37]} 42.
g4 {[%clk 0:04:10]} Nc6 {[%clk 0:04:22]} 43. Bb2 {[%clk 0:03:40]} fxg4 {[%clk
0:03:53]} 44. hxg4 {[%clk 0:03:52]} a5 {[%clk 0:04:05]} 45. Ne4 {[%clk 0:03:47]}
a4 {[%clk 0:03:25]} 46. Nc5 {[%clk 0:03:45]} Nb6 {[%clk 0:03:24]} 47. d4 {[%clk
0:03:31]} Na5 {[%clk 0:01:09]} 48. Kg3 {[%clk 0:01:36]} Nac4 {[%clk 0:28:27]} 49.
Ba1 {[%clk 0:30:07]} Nd5 {[%clk 0:27:05]} 50. f4 {[%clk 0:29:30]} Na3 {[%clk
0:26:12]} 51. Kf3 {[%clk 0:28:41]} Nc2 {[%clk 0:26:21]} 52. Ke4 {[%clk 0:28:31]}
Nf6+ {[%clk 0:26:22]} 0-1